Revista institucional de la defensa pública de la Ciudad Autónoma de Buenos Aires (Registro nro. 8891)
[ vista simple ]
| 000 -LEADER | |
|---|---|
| fixed length control field | 01080nas a2200277 454500 |
| 001 - CONTROL NUMBER | |
| control field | 42440 |
| 005 - DATE AND TIME OF LATEST TRANSACTION | |
| control field | 20260407193511.0 |
| 008 - FIXED-LENGTH DATA ELEMENTS--GENERAL INFORMATION | |
| fixed length control field | 260407s2011####ag###########|||spa#d |
| 003 - CONTROL NUMBER IDENTIFIER | |
| control field | AR-UNSa-BCEJYS |
| 040 ## - CATALOGING SOURCE | |
| Original cataloging agency | AR-UNSa-BCEJYS |
| Language of cataloging | spa |
| Transcribing agency | AR-UNSa-BCEJYS |
| 080 ## - UNIVERSAL DECIMAL CLASSIFICATION NUMBER | |
| Universal Decimal Classification number | 343 |
| Common auxiliary subdivision | Derecho penal. Delitos |
| 022 ## - INTERNATIONAL STANDARD SERIAL NUMBER | |
| International Standard Serial Number | 1853-5828 |
| 041 ## - LANGUAGE CODE | |
| Language code of text/sound track or separate title | spa |
| 100 1# - MAIN ENTRY--PERSONAL NAME | |
| Personal name | Ciudad Autónoma de Buenos Aires. Ministerio Público de la Defensa de la Ciudad Autónoma de Buenos Aires. Defensoría General |
| 245 10 - TITLE STATEMENT | |
| Title | Revista institucional de la defensa pública de la Ciudad Autónoma de Buenos Aires |
| 264 #1 - PRODUCTION, PUBLICATION, DISTRIBUTION, MANUFACTURE, AND COPYRIGHT NOTICE | |
| Place of production, publication, distribution, manufacture | Buenos Aires : |
| Name of producer, publisher, distributor, manufacturer | Defensoría General. Ministerio Público de la Defensa de la Ciudad Autónoma de Buenos Aires |
| Date of production, publication, distribution, manufacture, or copyright notice | 2011 |
| 310 ## - CURRENT PUBLICATION FREQUENCY | |
| Current publication frequency | Frecuencia: Semestral |
| 590 ## - LOCAL NOTE (RLIN) | |
| Local note | niveau_biblio:s niveau_hierar:1 |
| 650 ## - SUBJECT ADDED ENTRY--TOPICAL TERM | |
| Topical term or geographic name entry element | Ciencias sociales |
| 650 ## - SUBJECT ADDED ENTRY--TOPICAL TERM | |
| Topical term or geographic name entry element | Derecho penal |
| 650 ## - SUBJECT ADDED ENTRY--TOPICAL TERM | |
| Topical term or geographic name entry element | JURISPRUDENCIA |
| 650 ## - SUBJECT ADDED ENTRY--TOPICAL TERM | |
| Topical term or geographic name entry element | DELITO |
| 700 1# - ADDED ENTRY--PERSONAL NAME | |
| Personal name | Corti, Horacio Guillermo |
| 856 41 - ELECTRONIC LOCATION AND ACCESS | |
| Uniform Resource Identifier | <a href="https://biblioeco.unsa.edu.ar/pmb/images/revistas/rev_defensa_publica.jpg">https://biblioeco.unsa.edu.ar/pmb/images/revistas/rev_defensa_publica.jpg</a> |
| Link text | Imagen de portada |
| Electronic format type | image/jpeg |
| 942 ## - ADDED ENTRY ELEMENTS (KOHA) | |
| Koha item type | |
| Withdrawn status | Lost status | Damaged status | Not for loan | Home library | Current library | Shelving location | Date acquired | Serial enumeration / chronology | Total checkouts | Full call number | Barcode | Date last seen | Price effective from | Koha item type |
|---|---|---|---|---|---|---|---|---|---|---|---|---|---|---|
| Biblioteca Prof. Eusebio Cleto del Rey | Biblioteca Prof. Eusebio Cleto del Rey | 01/09/2016 | Año 6, Nº 10 - sep. 2016 | H343 IDP a6.n10 | R20774 | 10/04/2026 | 10/04/2026 | Numero | ||||||
| Biblioteca Prof. Eusebio Cleto del Rey | Biblioteca Prof. Eusebio Cleto del Rey | 01/07/2016 | Año 6, Nº 9 - jul. 2016 | H343 IDP a6.n9 | R20763 | 10/04/2026 | 10/04/2026 | Numero | ||||||
| Biblioteca Prof. Eusebio Cleto del Rey | Biblioteca Prof. Eusebio Cleto del Rey | 01/02/2016 | Año 6, Nº 8 - feb. 2016 | H343 IDP a6.n8 | R20768 | 10/04/2026 | 10/04/2026 | Numero |